Ten Plays

Uloženo v:
Podrobná bibliografie
Hlavní autor: Euripides
Médium: Kniha
Jazyk:Undetermined
Vydáno: Estados Unidos Bantam Books 1985
Vydání:4
Témata:
Tagy: Přidat tag
Žádné tagy, Buďte první, kdo vytvoří štítek k tomuto záznamu!

MARC

LEADER 00000nam a2200000Ia 4500
008 170316s9999 xx 000 0 und d
040 |a cru BVZT 
090 |a 880 E-2p 
100 |a Euripides 
245 |a Ten Plays 
250 |a 4 
260 |a Estados Unidos 
260 |b Bantam Books 
260 |c 1985 
300 |a 358 páginas 
650 |a LITERATURA GRIEGA 
999 |c 11883  |d 11883 
942 |c 15 D  |h 880 E-2p  |2 z